Thế giới ngầm ở Tokyo: Cuộc đời chìm nổi của một găngxtơ Mỹ ở Nhật Bản

Guardat en:
Dades bibliogràfiques
Autor principal: Robert Whiting
Format: Llibre
Idioma:Undetermined
Publicat: H. CAND 2003
Matèries:
Etiquetes: Afegir etiqueta
Sense etiquetes, Sigues el primer a etiquetar aquest registre!
Thư viện lưu trữ: Trung tâm Học liệu Trường Đại học Cần Thơ
LEADER 00615nam a2200193Ia 4500
001 CTU_59901
008 210402s9999 xx 000 0 und d
020 |b 37500 
082 |a 813.54 
082 |b W612 
100 |a Robert Whiting 
245 0 |a Thế giới ngầm ở Tokyo: Cuộc đời chìm nổi của một găngxtơ Mỹ ở Nhật Bản 
245 0 |c Robert Whiting; Lê Sỹ Giảng biên dịch 
260 |a H. 
260 |b CAND 
260 |c 2003 
650 |a american fiction ( vietnamese ) 
904 |i Minh 
980 |a Trung tâm Học liệu Trường Đại học Cần Thơ